000 01442 a2200277 4500
003 Nust
005 20221117084912.0
010 _a 2007028033
020 _a0470052457 (cloth : alk. paper)
020 _a9780470052457 (cloth : alk. paper)
035 _a(OCoLC)ocn144219714
040 _cNust
082 0 0 _a621.3678,LIL
100 1 _aLillesand, Thomas M.
_93473
245 1 0 _aRemote sensing and image interpretation /
_cThomas M. Lillesand, Ralph W. Kiefer, Jonathan W. Chipman.
250 _a6th ed.
260 _aHoboken, NJ :
_bJohn Wiley & Sons,
_cc2008.
300 _axii, 756 p., [36] p. of plates :
_bill. (some col.), maps (some col.) ;
_c25 cm.
505 _aConcepts and Foundation of Remote Sensing (Page-1), Element of Photographic Systems (Page-61), Basic Principles of Photogrammetry (Page-123), Introduction to Visual Image Interpretation (Page-189) Multispectral, Thermal and Hyper spectral Sensing (Page-325), Earth Recourse Satellites Operating in the Optical Spectrum (Page-392), Digital Image Interpretation and Analysis (Page-482), Microwave and Lidar Sensing (Page-626).
650 0 _aRemote sensing.
700 1 _aChipman, Jonathan W.
_936262
700 1 _aKiefer, Ralph W.
_93486
856 4 2 _3Publisher description
_uhttp://www.loc.gov/catdir/enhancements/fy0814/2007028033-d.html
856 4 2 _3Table of contents only
_uhttp://www.loc.gov/catdir/enhancements/fy0814/2007028033-t.html
942 _2ddc
_cBK
999 _c189519
_d189519